Roblox Jailbreak Quiz (Updated) - Statistics

General Stats
  • This quiz has been taken 526 times
    516 since last reset
  • The average score is 18 of 38
Answer Stats
Clues Answer % Correct
The default car in the game Camaro
87%
The only 4 wheeler vehicle that costs one million cash Monster
71%
The 4 wheeler vehicle in the military Base that is for free Jeep
68%
The most broken vehicle in the game Volt
67%
The $100,000 vehicle that spawns at the volcano base Lambo
66%
The fastest Air vehicle that has the strongest missiles Jet
65%
A limited time offer vehicle that costed $750,000 and it used to spawn in basement of the volcano base Torpedo
63%
A Vehicle which can hold more than 4 people and spawns at the gas station Pickup
60%
A vehicle which spawns at the Fire-station Firetruck
59%
The cheapest Tesla car in the game Model3
57%
A Vehicle which comes with the swat gamepass Swat
57%
The car which spawns near the jewelry store and costs $500,000 Chiron
55%
A bike that spawns at the desert Dirtbike
55%
A vehicle that spawns on the roof of the one million dealership Blackhawk
54%
A water vehicle that is $45,000 Jetski
53%
A vehicle which has an unique ability to heal players Ambulance
52%
The helicopter that spawns on top of the bank Little Bird
48%
The fastest car in the game Roadster
48%
The pirate ship Sloop
48%
A bike that spawns at the police stations Patrol
46%
A car which costs $200,000 dollars and spawns at the train station Ferrari
45%
This car was replaced by the Chiron Veyron
45%
A four wheeler vehicle which spawns at the desert near the military base that is $45,000 Dune Buggy
43%
The car that drifts like crazy and it is for 10k cash Deja
42%
An aerial vehicle which spawns at the military base UFO
42%
A Muscle Car that costs $59,000 and it spawns at the gun shop Challenger
41%
The suv that costs $109,000 Surus
38%
The Vehicle which is no longer in the game and it used to spawn at the town Mini
36%
The Vehicle which is no longer in the game and it used to spawn at the gun shop Mustang
36%
A car for boomers Classic
35%
The car that is $75,000 CyberTruck
34%
The newest one million dollar vehicle in the game Blade
33%
A limited time offer pickup truck that is no longer in the game Raptor
31%
The car that spawns at the port and costs just 70k cash. Ray
30%
A car that comes with the crime boss gamepass Wraith
29%
A great getaway vehicle that spawns right outside the Alcatraz prison Cruiser
24%
One of the worst and useless vehicles in the game that is not worth it's price Stunt
22%
A vehicle that costs $70,000 and is a great getaway vehicle outside the museum Porche
19%
No matching quizzes found
Score Distribution
Percent of People with Each Score
Percentile by Number Answered
Your Score History
You have not taken this quiz since the last reset